| 000 | 01092nmm a2200301 a 4500 | ||
|---|---|---|---|
| 003 | AR-BaBNM | ||
| 005 | 20251128203036.0 | ||
| 008 | 166119s1962 ||||||||||||||000 | spa|| | ||
| 040 | _cAR-BaBNM | ||
| 100 | 1 | _aHamrin, S.A. | |
| 245 | 1 | 0 | _aPláticas de orientación a los maestros |
| 250 | _a3ª ed. | ||
| 260 |
_aMéxico, D.F. _bCentro Regional de Ayuda Técnica _c1962 |
||
| 300 | _a158 p. | ||
| 500 | _aEsta publicación ha sido preparada por el Centro Regional de Ayuda Técnica, Agencia para el Desarrollo Internacional. El Centro fue una organización dedicada a producir versiones en español del material técnico y de adiestramiento de los programas de coop | ||
| 650 | 4 | _aCONSEJEROS PEDAGOGICOS | |
| 650 | 4 | _aASESORAMIENTO DEL DOCENTE | |
| 650 | 4 | _aORIENTACION PEDAGOGICA DE DOCENTES | |
| 650 | 4 | _aASESORAMIENTO FAMILIAR | |
| 650 | 4 | _aPSICOLOGOS | |
| 650 | 4 | _aTRABAJADORES SOCIALES | |
| 653 | _aORIENTACION EDUCATIVA | ||
| 653 | _aGABINETES PSICOPEDAGOGICOS | ||
| 653 | _aEDUCACION PRIMARIA | ||
| 653 | _aEDUCACION SECUNDARIA | ||
| 942 | _cBK | ||
| 998 | _cSILVI | ||
| 999 |
_c1629 _d1629 |
||